Biggest first-level subdivisions by population - Statistics

General Stats
  • This quiz has been taken 96 times
  • The average score is 14 of 21
Answer Stats
Country Population Answer % Correct
United Kingdom 56,075,912 England
93%
India 199,812,341 Uttar Pradesh
85%
Pakistan 110,012,442 Punjab
82%
China 126,840,000 Guangdong
80%
India 72,147,030 Tamil Nadu
76%
India 91,276,115 West bengal
74%
India 60,439,692 Gujarat
72%
China 83,674,866 Sichuan
69%
China 74,640,000 Hebei
66%
China 58,300,000 Hubei
65%
India 112,374,333 Maharashtra
65%
India 68,548,437 Rajasthan
62%
China 101,700,000 Shandong
62%
India 61,095,297 Karnataka
59%
India 104,099,452 Bihar
58%
China 66,645,000 Hunan
58%
India 72,626,809 Madhya Pradesh
58%
China 61,050,000 Anhui
57%
China 84,770,000 Jiangsu
57%
China 98,830,000 Henan
54%
China 64,570,000 Zhejiang
54%
No matching quizzes found
Score Distribution
Percent of People with Each Score
Percentile by Number Answered
Your Score History
You have not taken this quiz